Islam par ghair muslmoin ke itherazat aur ion ke jawabath English version (Record no. 290075)

000 -LEADER
fixed length control field 00288 a2200097 4500
001 - CONTROL NUMBER
control field 55002
090 ## - LOCALLY ASSIGNED LC-TYPE CALL NUMBER (OCLC); LOCAL CALL NUMBER (RLIN)
-- 34101
-- 34101
100 ## - MAIN ENTRY--PERSONAL NAME
Personal name Zakir Naik Dr.
245 ## - TITLE STATEMENT
Title Islam par ghair muslmoin ke itherazat aur ion ke jawabath English version
260 ## - PUBLICATION, DISTRIBUTION, ETC.
Place of publication, distribution, etc. Lahore
Name of publisher, distributor, etc. Beacon Books, Lahore
Date of publication, distribution, etc. 2006
942 ## - ADDED ENTRY ELEMENTS (KOHA)
Institution code [OBSOLETE] NUST-CAE
Koha item type
--
Holdings
Withdrawn status Lost status Damaged status Not for loan Collection code Permanent Location Current Location Date acquired Total Checkouts Barcode Date last seen Price effective from Koha item type
          College of Aeronautical Engineering (CAE) College of Aeronautical Engineering (CAE) 04/03/2017   CAE78436 04/05/2017 04/05/2017 Book
© 2023 Central Library, National University of Sciences and Technology. All Rights Reserved.